| 000 | 00455cam a2200181ua 4500 | ||
|---|---|---|---|
| 001 | 5001 | ||
| 008 | 120229n at |||gr||||Z||||||eng | ||
| 040 | _cMAIN | ||
| 082 | _a822 | ||
| 100 |
_aHarrison, G. B., _eEditor., |
||
| 245 | 1 | 1 |
_aTragedy of king lear _cby G. B. Harrison |
| 250 | _a1st. | ||
| 260 |
_aMitcham: _bPenguin books, _c1962. |
||
| 300 |
_a160p: _c15cm. |
||
| 653 | _aEnglish drama | ||
| 700 |
_aShakespeare, Willaim, _eAuthor, |
||
| 942 | _cBK | ||
| 999 |
_c4185 _d4185 |
||